Doğu ve Güneydoğu Anadolu'da sosyal ve ekonomik öncelikler (Kayıt no. 9224)
[ düz görünüm ]
| 000 -BAŞLIK | |
|---|---|
| Sabit Uzunlukta Kontrol Alanı | 00966na a2200289 4500 |
| 001 - KONTROL NUMARASI | |
| Denetim Alanı | 17192 |
| 003 - KONTROL NUMARASI IDENTIFIER | |
| Denetim Alanı | MIRAKIL |
| 005 - SON İŞLEM TARİHİ VE ZAMANI | |
| Denetim Alanı | 20181213155239.0 |
| 008 - SABİT-BOY VERİ ELEMANLARI - GENEL BİLGİLER | |
| Sabit Uzunlukta Kontrol Alanı | 161023b tu 000 0 |
| 020 ## - ULUSLARARASI STANDART KİTAP NUMARASI | |
| Uluslararası Standart Kitap Numarası | 9758112783 |
| 035 ## - SİSTEM KONTROL NUMARASI | |
| Sistem Kontrol Numarası | 17192 |
| 040 ## - KATALOGLAMA KAYNAK | |
| Orijinal Kataloglama Ajansı | Milas |
| Kataloglama Dili | tur |
| Metne Dönüştürmek Ajansı | TR-AnCHP |
| 041 ## - DİL KODU | |
| Metin / Ses Parça Veya Ayrı Başlığın Dil Kodu | tur |
| 082 ## - DEWEY ONLU SINIFLANDIRMA NUMARASI | |
| Sınıflandırma Numarası | 330.95654 |
| Ürün Numarası | D63 2006 |
| 090 ## - SINIFLAMA NUMARASI | |
| Sınıflama Numarası | 330.95654 D63 2006 |
| 245 ## - BAŞLIK TABLOSU | |
| Başlık | Doğu ve Güneydoğu Anadolu'da sosyal ve ekonomik öncelikler |
| Başlığın Kalan | TESEV araştırması |
| Sorumluluk Tablosu, Vb | Orhan Kurmuş ... [vb.] ; yayına hazırlayan Elif Kalaycıoğlu |
| 260 ## - YAYIN, DAĞITIM, VB | |
| Yayın, Dağıtım, Vb Yeri | İstanbul |
| Yayıncı, Dağıtıcı, Vs Adı | TESEV Yayınları |
| Yayın, Dağıtım, Vb Tarihi | 2006 |
| 300 ## - FİZİKSEL TANIM | |
| Kapsam | 152 s. |
| Diğer Fiziksel Ayrıntıları | tbl. |
| Boyutlar | 29 sm. |
| 504 ## - KAYNAKÇA VB NOT | |
| Kaynakça Vb Notu | Kaynakça var. |
| 651 ## - KONU KATMA GİRİŞ - COĞRAFİ ADI | |
| Coğrafi İsim | Türkiye |
| Genel Alt Bölümü | Toplumsal Yapı |
| Kronolojik Alt Bölümü | Güneydoğu Anadolu |
| 651 ## - KONU KATMA GİRİŞ - COĞRAFİ ADI | |
| Coğrafi İsim | Türkiye |
| Genel Alt Bölümü | Toplumsal Yapı |
| Coğrafi Alt Bölümü | Doğu Anadolu |
| 651 ## - KONU KATMA GİRİŞ - COĞRAFİ ADI | |
| Coğrafi İsim | Türkiye |
| Genel Alt Bölümü | Ekonomik durum |
| Coğrafi Alt Bölümü | Doğu Anadolu |
| 651 ## - KONU KATMA GİRİŞ - COĞRAFİ ADI | |
| Coğrafi İsim | Türkiye |
| Genel Alt Bölümü | Ekonomik durum |
| Coğrafi Alt Bölümü | Güneydoğu Anadolu |
| 700 ## - KATMA GİRİŞ - KİŞİSEL İSİM | |
| Kişisel Ad | Kurmuş, Orhan |
| 700 ## - KATMA GİRİŞ - KİŞİSEL İSİM | |
| Kişisel Ad | Kalaycıoğlu, Elif |
| 942 ## - EKLENDİ GİRİŞ ELEMANLARI (KOHA) | |
| Sınıflandırma Veya Raf Düzeni Kaynak | |
| Koha Öğesi Türü | Kitaplar |
| 999 ## - SİSTEM KONTROL NUMARALARI (KOHA) | |
| Koha Biblionumber | 9224 |
| Koha Biblioitemnumber | 9224 |
| Kalıcı Konum | Mevcut Konum | Edinme Tarihi | Edinim Kaynak | Toplam Check-Out'Lar | Tam Çağrı Numarası | Barkod | Tarih Son Görülme | İtibaren Geçerli Fiyatlar | Koha Öğesi Türü |
|---|---|---|---|---|---|---|---|---|---|
| CHP Kütüphanesi | CHP Kütüphanesi | 10/23/2016 | Bağış | 330.95654 D63 2006 | 007574 | 10/23/2016 | 10/23/2016 | Kitaplar |
